| 000 | 01105nam a2200241 a 4500 | ||
|---|---|---|---|
| 001 | BRCA_9034 | ||
| 005 | 20190320210512.0 | ||
| 008 | 150817s1765----sp-#######---#000-0#spa-# | ||
| 041 | _aspa | ||
| 044 | _asp | ||
| 084 |
_aBE82 _p.F45 1765 |
||
| 100 | 1 |
_aFeijóo y Montenegro, Benito Geronimo _d1676 - 1764 _922266 |
|
| 245 | 1 | 0 |
_aTheatro critico universal, ó discursos varios en todo genero de materias, para desengaño de errores comunes _cescrito por el M.I.S. D. Fr. Benito Geronimo Feijoó y Montenegro; Tomo séptimo. |
| 260 |
_aMadrid _bEn la Imprenta de Antonio Marin _c1765 |
||
| 300 |
_a[38], 490 p. (t.7) _c21 x 16 cm |
||
| 500 | _aCon las licencias necesarias | ||
| 500 | _aEn portada: Nueva impresión, en la qual van puestas las adiciones del Suplemento en su lugares | ||
| 500 | _aEstado físico: presenta encuadernación en pergamino, con cantos decorados, algunas hojas manchadas, carece de cintas, presenta del pez de plata y deterioro de las hojas 219 a la 330 | ||
| 650 | 1 | 4 |
_aEspañol drama _921773 |
| 700 | 1 |
_aAntonio Marin _eImpresor _922404 |
|
| 902 | _aCFM | ||
| 942 |
_2lcc _cB |
||
| 999 |
_c8684 _d8684 |
||